000 00655nam a22001937a 4500
003 AM-YeHGA
005 20250617154033.0
008 180420b1946 ru ||||| |||| 00| 0 rus d
040 _aAM-YeHGA
041 1 _arus
_hgeo
100 1 _aАбашидзе, Григол
245 1 0 _aЗнамена :
_bСтихи /
_cГригол Абашидзе; Пер. с груз. под ред. Г. Н. Оболдуева
260 _a[Москва] .
_bСовет. писатель,
_c1946
300 _a107 с. |c
650 1 4 _aГрузия (х. л.)
700 1 _aОболдуев, Г. Н.
_eред.
_4edt
_eпер.
_4trl
942 _2udc
_cBK
090 _c405665
999 _c403442
_d403442